Altruism, efficiency and the redistribution of income
Salvato in:
| Autore principale: | |
|---|---|
| Natura: | Libro |
| Lingua: | inglese |
| Pubblicazione: |
Rochester
University
1984
|
| Edizione: | Rev. Ed. |
| Serie: | Discussion Paper
82-5 |
| Tags: |
Nessun Tag, puoi essere il primo ad aggiungerne!!
|
MARC
| LEADER | 00000nam a2200000 4500 | ||
|---|---|---|---|
| 001 | c113513 | ||
| 005 | 20181203150322.4 | ||
| 041 | 0 | |a eng | |
| 044 | |a US | ||
| 245 | 1 | 0 | |a Altruism, efficiency and the redistribution of income |c Russell D. Roberts |
| 250 | |a Rev. Ed. | ||
| 264 | 1 | |a Rochester |b University |c 1984 | |
| 300 | |a 30 s. | ||
| 490 | 1 | |a Discussion Paper |v 82-5 | |
| 830 | 0 | |a Discussion Paper |v 82-5 | |
| 100 | 1 | |a Roberts, Russell | |